000 01412nam a22002897a 4500
999 _c21911
_d21911
003 AR-CdUCM
008 190425b ||||| |||| 00| 0 spa d
040 _aMUNICIPALIDAD PROVINCIAL DEL CUSCO
_cBIBLIOTECA MUNICIPAL DEL CUSCO
082 _aRev.MA/N°6/2000
110 _aUniversidad Nacional De San Antonio Abad del Cusco
_915942
245 _aMaestros Antonianos IV /
_cUniversidad Nacional de San Antonio Abad del Cusco
260 _aCusco :
_bUNSAAC,
_c2000.
300 _a186 páginas. :
_c25 cm.
440 _aEdiciones Especiales UNSAAC
_nSiglo XX. N°6
_946800
505 _aContenido: Manuel Jesús Aparicio Vega. Dos capítulos de la historia de la Universidad de San Antonio Abad del Cusco. Generación La Sierra. -- Felipe Marín Moreno. Panorama Fitogeográfico del Perú. -- Oscar Blanco Galdós. Tecnología Andina. Los recursos genéticos en los sistemas. Productos andinos conservación insitu. -- Jorge Olarte Estrada. El paisaje geográfico del Sur del Perú.
650 _aIntelectuales cusqueños
_946142
650 _aCientíficos cusqueños
_946795
650 _aInkas
_91899
650 _aGeografía del Perú
_98049
650 _aTecnología andina
_910426
700 _aBlanco Galdós, Oscar
_932943
700 _aDe Olarte Estrada, Jorge
_946801
700 _aAparicio Vega, Manuel Jesús
_91304
700 _aMarín Moreno, Felipe
_946018
942 _2ddc
_cPP
945 _arac